00468 a2200169 4500003000500000005001700005040000900022082001100031100002300042245004000065260002900105300001000134650002100144942001200165999001900177952010200196Nust20170207153530.0 cNust a891.91 a Hayatullah Ansari aBhary Bazar MaincHayatullah Ansari aIslamabadbAlhamra Press a324:p aUrdu Literature 2ddccBK c187938d187938 00102ddc40708NFICaMCSbMCSd2016-12-12l0o891.91 ANSpMCS31919r2016-12-08w2016-12-12yBK